| 000 | 00719nas a2200229 4500 | ||
|---|---|---|---|
| 001 | BR0704476 | ||
| 003 | BR-BrBNA | ||
| 005 | 20231205111136.0 | ||
| 007 | ta | ||
| 008 | 230509b bl.|||p| |||| 00| 00por d | ||
| 040 |
_aBR-BrBNA _bpor _cBiblioteca Nacional de Agricultura |
||
| 041 | _a(En) | ||
| 072 | _aL20 | ||
| 100 | 1 | _aGiannini, K.M. | |
| 245 | 1 | _aLabor division in Melipona compressipes fasciculata Smith (Hymenoptera: Apidae: Meliponinae). | |
| 650 | _aABELHA | ||
| 650 | _aCOLÔNIA | ||
| 650 | _aCOLMÉIA | ||
| 773 | 0 |
_tAnais da Sociedade Entomológica do Brasil (Brazil) _xISSN 0301-8059 _g(Apr 1997), v. 26(1) p. 153-162 _wBR0704476 |
|
| 909 |
_a202311 _bLúcia _c55 _dLúcia Elande |
||
| 942 |
_2AGRIS _n0 _cANA |
||
| 999 |
_c190912 _d190912 |
||